| 000 | 004880000a22001810004500 | ||
|---|---|---|---|
| 003 | MACL | ||
| 005 | 20160330160710.0 | ||
| 008 | 160330b xxu||||| |||| 00| 0 eng d | ||
| 040 |
_aMACL _cMACL |
||
| 041 | _aHindi | ||
| 082 | _a300 | ||
| 100 |
_aगुप्ता शेरसिंह _949036 |
||
| 245 | _aपंजाब | ||
| 260 |
_bप्रकाशन विभाग _c1973 _aमद्रास |
||
| 350 | _a2 | ||
| 650 |
_aSociology _949037 |
||
| 942 |
_cHIN _k300 _2ddc |
||
| 999 |
_c21774 _d21774 |
||